00408 2200145 4500001002300000005001700023006001900040008004100059035002600100084001500126100002200141245004300163260003600206990002000242NBPULOT00000000000855420150311091511.0a ||| | 171130| ||| |  a 0010-031500000000073 a 001 ARI D0 a E. ZAENAL ARIFIN00a DASAR-DASAR PENULISAN KARANGAN ILMIAH a JAKARTA b PT GRASINDO c 2003 a 1130/APBN/2006